| 000 | 00586nam a22001937a 4500 | ||
|---|---|---|---|
| 999 |
_c525440 _d525440 |
||
| 003 | NUST | ||
| 005 | 20190702063348.0 | ||
| 008 | 190702b ||||| |||| 00| 0 eng d | ||
| 038 | _aWaseem | ||
| 082 |
_a297.9924 _bMUJ |
||
| 100 |
_aJahlmi, Allma Tariq Mujahid _916309 |
||
| 245 |
_aTazkira Ghazi Qalndar / _c Allma Tariq Mujahid jahlmi |
||
| 260 |
_aJahlam : _bAnjam printing ajncy publisher, _c1998. |
||
| 300 | _a160 p. ; | ||
| 500 | _aPaperback. | ||
| 880 |
_6100-01\r _aطارق مجاہد جہلمی |
||
| 880 |
_6245-02\r _aتزکرہ غازی قلندر / |
||
| 942 |
_2ddc _cBK |
||